Biggest Trading Partners - Greece 2025 - Statistics

General Stats
  • This quiz has been taken 12 times
  • The average score is 18 of 22
Answer Stats
Answer % Correct
China
100%
Germany
100%
Italy
100%
Poland
100%
Russia
100%
Spain
100%
United Kingdom
100%
United States
100%
Belgium
91%
France
91%
Netherlands
91%
Romania
91%
Türkiye
91%
Bulgaria
82%
Ukraine
82%
Israel
73%
Cyprus
64%
North Macedonia
64%
Iraq
55%
Lebanon
55%
Libya
36%
Kazakhstan
27%
No matching quizzes found
Score Distribution
Percent of People with Each Score
Percentile by Number Answered
Your Score History
You have not taken this quiz